À propos du Siècle des communismes (notice n° 1639674)

détails MARC
000 -LEADER
fixed length control field 02325cam a2200169 4500500
005 - DATE AND TIME OF LATEST TRANSACTION
control field 20260201061451.0
041 ## - LANGUAGE CODE
Language code of text/sound track or separate title fre
042 ## - AUTHENTICATION CODE
Authentication code dc
100 10 - MAIN ENTRY--PERSONAL NAME
Personal name Lantz, Pierre
Relator term author
245 00 - TITLE STATEMENT
Title À propos du Siècle des communismes
260 ## - PUBLICATION, DISTRIBUTION, ETC.
Date of publication, distribution, etc. 2001.<br/>
500 ## - GENERAL NOTE
General note 46
520 ## - SUMMARY, ETC.
Summary, etc. L’article analyse comment huit groupes biopharmaceutiques articulent la bio-informatique et la vaccinologie dans leurs processus de R&D à la veille de la crise de la COVID-19. Pour ce faire, deux lectures structurales sont utilisées : des graphes de citations pour retracer les interdépendances technologiques et des graphes de co-présences pour mesurer la cohérence interne des bases de connaissances de ces entreprises. La notion de co-développement constitue le cœur conceptuel, méthodologique et empirique de l’étude. Les résultats révèlent une forte hétérogénéité dans le choix des formes du co-développement technologique dans ces entreprises. La bio-informatique sert surtout d’input ponctuel pour plusieurs d’entre elles. Une boucle d’amélioration continue entre bio-informatique et vaccins n’apparaît que chez Sanofi. Cette entreprise est également la seule à inclure ces technologies dans la même communauté cohérente de brevets. Code JEL : O32, L65
520 ## - SUMMARY, ETC.
Summary, etc. This article analyses how eight pharmaceutical groups combine bioinformatics and vaccinology in their R&D processes. To achieve this, two structural approaches are employed: citation graphs are used to trace technological interdependencies, while co-presence graphs measure the internal coherence of these companies’ knowledge bases. The notion of co-development constitutes the conceptual, methodological and empirical core of the study. The results reveal a high degree of heterogeneity in the choice of technological co-development forms in these companies. Bioinformatics is primarily employed as a input. A continuous improvement loop between bioinformatics and vaccines only appears at Sanofi. Sanofi is also the only company to include these technologies in the same coherent patent community. Code JEL: O32, L65
786 0# - DATA SOURCE ENTRY
Note L'Homme & la Société | 140-141 | 2 | 2001-06-01 | p. 195-207 | 0018-4306
856 41 - ELECTRONIC LOCATION AND ACCESS
Uniform Resource Identifier <a href="https://shs.cairn.info/revue-l-homme-et-la-societe-2001-2-page-195?lang=fr&redirect-ssocas=7080">https://shs.cairn.info/revue-l-homme-et-la-societe-2001-2-page-195?lang=fr&redirect-ssocas=7080</a>

Pas d'exemplaire disponible.

PLUDOC

PLUDOC est la plateforme unique et centralisée de gestion des bibliothèques physiques et numériques de Guinée administré par le CEDUST. Elle est la plus grande base de données de ressources documentaires pour les Étudiants, Enseignants chercheurs et Chercheurs de Guinée.

Adresse

627 919 101/664 919 101

25 boulevard du commerce
Kaloum, Conakry, Guinée

Réseaux sociaux

Powered by Netsen Group @ 2025